| 000 | 00583nam a2200217Ia 4500 | ||
|---|---|---|---|
| 003 | GCL | ||
| 008 | 140319s9999 xx 000 0 ara d | ||
| 040 |
_aGCL / _cGCL |
||
| 082 | 0 | 4 |
_a962.1 _bع ع |
| 245 | 1 | 0 | _aعلى ضفاف بحيرة ادكو |
| 300 | _a160 ص | ||
| 490 |
_aسلسلة بحيرات مصر _v0 |
||
| 650 | 0 | 4 | _aمصر القديمة |
| 650 | 0 | 4 | _aرشيد |
| 650 | 0 | 4 | _aنهر النيل |
| 650 | 0 | 4 | _aبحيرة ادكو |
| 650 | 0 | 4 | _aابو قير |
| 650 | 0 | 4 | _aالاسكندرية - تاريخ |
| 650 | 0 | 4 | _aمصر - جغرافيا |
| 942 |
_2ddc _cBK |
||
| 999 |
_c37986 _d37986 |
||